000 00686nam a2200217Ia 4500
003 GCL
008 140319s9999 xx 000 0 ara d
040 _aGCL /
_cGCL
082 0 4 _aق
_b320.9
_bهـ ح
100 1 _aهابر، ايتان
245 1 0 _aحدث فى كامب ديفيد المفاوضات على الطريقة الساداتية /
_cهابر، ايتان
700 1 _aشيف، زيف
700 1 _aيعارى، ايهود
700 1 _aابراهيم منصور
300 _a751 ص
490 _aكتاب الاهالى
_v0
650 0 4 _aالمعاهدات
650 0 4 _aاتفاقيات كامب ديفيد
650 0 4 _aالمفاوضات
942 _2ddc
_cBK
999 _c38423
_d38423